|
|
|
|
| LEADER |
02264nam a22004335i 4500 |
| 001 |
978-3-540-26397-5 |
| 003 |
DE-He213 |
| 005 |
20151204154246.0 |
| 007 |
cr nn 008mamaa |
| 008 |
100301s2006 gw | s |||| 0|eng d |
| 020 |
|
|
|a 9783540263975
|9 978-3-540-26397-5
|
| 024 |
7 |
|
|a 10.1007/b137531
|2 doi
|
| 040 |
|
|
|d GrThAP
|
| 050 |
|
4 |
|a QR355-502
|
| 072 |
|
7 |
|a MMFM
|2 bicssc
|
| 072 |
|
7 |
|a MED052000
|2 bisacsh
|
| 082 |
0 |
4 |
|a 616.9101
|2 23
|
| 245 |
1 |
0 |
|a Quasispecies: Concept and Implications for Virology
|h [electronic resource] /
|c edited by Esteban Domingo.
|
| 264 |
|
1 |
|a Berlin, Heidelberg :
|b Springer Berlin Heidelberg,
|c 2006.
|
| 300 |
|
|
|a XI, 410 p.
|b online resource.
|
| 336 |
|
|
|a text
|b txt
|2 rdacontent
|
| 337 |
|
|
|a computer
|b c
|2 rdamedia
|
| 338 |
|
|
|a online resource
|b cr
|2 rdacarrier
|
| 347 |
|
|
|a text file
|b PDF
|2 rda
|
| 490 |
1 |
|
|a Current Topics in Microbiology and Immunology,
|x 0070-217X ;
|v 299
|
| 505 |
0 |
|
|a What Is a Quasispecies? -- Quasispecies in Time-Dependent Environments -- Viruses as Quasispecies: Biological Implications -- Virus Fitness: Concept, Quantification, and Application to HIV Population Dynamics -- Population Bottlenecks in Quasispecies Dynamics -- Evolutionary Dynamics of HIV-1 and the Control of AIDS -- Evolution of Virulence in Picornaviruses -- Molecular Mechanisms of Poliovirus Variation and Evolution -- Hepatitis C Virus Population Dynamics During Infection -- Evolutionary Influences in Arboviral Disease -- Arenavirus Diversity and Evolution: Quasispecies In Vivo -- Mutant Clouds and Occupation of Sequence Space in Plant RNA Viruses -- Parvovirus Variation for Disease: A Difference with RNA Viruses? -- Transitions in Understanding of RNA Viruses: A Historical Perspective.
|
| 520 |
|
|
|a (will follow).
|
| 650 |
|
0 |
|a Medicine.
|
| 650 |
|
0 |
|a Virology.
|
| 650 |
1 |
4 |
|a Biomedicine.
|
| 650 |
2 |
4 |
|a Virology.
|
| 700 |
1 |
|
|a Domingo, Esteban.
|e editor.
|
| 710 |
2 |
|
|a SpringerLink (Online service)
|
| 773 |
0 |
|
|t Springer eBooks
|
| 776 |
0 |
8 |
|i Printed edition:
|z 9783540263951
|
| 830 |
|
0 |
|a Current Topics in Microbiology and Immunology,
|x 0070-217X ;
|v 299
|
| 856 |
4 |
0 |
|u http://dx.doi.org/10.1007/b137531
|z Full Text via HEAL-Link
|
| 912 |
|
|
|a ZDB-2-SBL
|
| 950 |
|
|
|a Biomedical and Life Sciences (Springer-11642)
|